Literaturarchive

Titel: Literaturarchive = Archives littéraires / [verantw. für diese Nr.: Irmgard Wirtz ...]
Beteiligt:
Veröffentlicht: Genève : Slatkine, 2011
Umfang: 188 Seiten : Illustrationen
Format: Buch
Sprache: Deutsch; Französisch; Italienisch
Schriftenreihe/
mehrbändiges Werk:
Quarto ; 33/34
Schlagworte:
ISBN: 9782051022934 ; 2051022933
Buchumschlag
X
alg: 28705611
001A    $00030:11-01-12 
001B    $01999:05-03-25 $t11:30:16.000 
001D    $00030:11-01-12 
001U    $0utf8 
001X    $00 
002@    $0Aau 
002C    $aText $btxt $2rdacontent 
002D    $aohne Hilfsmittel zu benutzen $bn $2rdamedia 
002E    $aBand $bnc $2rdacarrier 
003@    $0287056112 
003O    $0773365311 $aOCoLC 
004A    $A978-2-05-102293-4 
004A    $02-05-102293-3 
006G    $01018435727 
006U    $012,A03 $f20120103 
007A    $0355534754 $aBSZ 
007T    $0ArchMa21256 
010@    $ager $afre $aita 
011@    $a2011 $n2011 
013D    $#Beiträge Formschlagwort $#Einzelbeiträge $#Sammelwerk Formschlagwort $74143413-4 $8Aufsatzsammlung [Ts1] $9085562742 
021A    $aLiteraturarchive $fArchives littéraires $h[verantw. für diese Nr.: Irmgard Wirtz ...] 
028C    $#Wirtz, Irmgard Maria $#Wirtz, Irmgard $#Wirtz Eybl, Irmgard $#Wirtz Merki, Irmgard Maria $#Merki, Irmgard Maria Wirtz $#Wirtz, Irmgard $713386569X $8Wirtz, Irmgard M.$Z1960- [Tp1] $9194643166 
033A    $pGenève $nSlatkine 
034D    $a188 Seiten 
034M    $aIllustrationen 
036E    $aQuarto $l33/34 
036F    $x233 $8Quarto $9263794709 $l33/34 
044K    $qSWB $RSchweizerische Nationalbibliothek $#Archives littéraires suisses $#ALS $#Archivio svizzero di letteratura $#ASL $#Literary Archives Bern $#SLA $#Schweizerisches Literaturarchiv Bern $#Archiv Svizzer da Litteratura $#Swiss Literary Archives $#Literaturarchiv Bern $#Schweizerische Landesbibliothek, Schweizerisches Literaturarchiv $75034750-0 $8Schweizerisches Literaturarchiv [Tb1] $9044505914 
044K    $qSWB $RArchiv $#Literarisches Archiv $#Literaturarchive $74201789-0 $8Literaturarchiv [Ts1] $9086021559 
045E    $c020 
045R    $aGeschichte 
045V    $803.16.05$jLiteraturarchive. Museen. Forschungsinstitute. Gesellschaften. Sammlungen. Stiftungen [Tkx] $9118844253 
046L    $aBeiträge teilweise deutsch, teilweise französisch, teilweise italienisch 

lok: 28705611 3
101B    $013-03-18 $t11:04:37.000 
101C    $013-03-18 
101U    $0utf8 
145S/01 $a720 
145S/02 $a712 

exp: 28705611 3 1 #EPN
201B/01 $018-04-18 $t13:22:21.000 
201C/01 $013-03-18 
201U/01 $0utf8 
203@/01 $01019707356 
208@/01 $a13-03-18 $brAa 
209A/01 $aZs 21289 Bd. 33/34 $du $f000 $hZS 21289 / B 33 34 $x00 
247C/01 $8601000-3 <30>Frankfurt, Universitätsbibliothek J. C. Senckenberg, Zentralbibliothek (ZB) $9102598258 

lok: 28705611 59

exp: 28705611 59 1 #EPN
201B/01 $031-10-13 $t16:05:06.000 
201C/01 $031-10-13 
201U/01 $0utf8 
203@/01 $0722419740 
208@/01 $a31-10-13 $bz 
209A/01 $aAB 100.30 $ds $f106 $x00 
209C/01 $aII 2013/340 
209C/01 $anel1311 
247C/01 $8358106-8 Marburg, Bibliothek der Archivschule Marburg $910260097X 

lok: 28705611 62

exp: 28705611 62 1 #EPN
201B/01 $012-01-12 $t22:06:06.000 
203@/01 $0636433978 
208@/01 $a12-01-12 $be 
209A/01 $a/ $f000 $x00 
209B/01 $a2012 $x05 
247C/01 $8Frankfurt, Bibliographie der Deutschen Sprach- und Literaturwissenschaft $9113214561 
201U/01 $0utf8 

lok: 28705611 105

exp: 28705611 105 1 #EPN
201B/01 $030-01-19 $t15:39:16.000 
201C/01 $030-01-19 
201U/01 $0utf8 
203@/01 $01042416419 
208@/01 $a13-12-18 $be 
209A/01 $a/ $f106 $x00 
245Z/01 $a2.15.08. $bArchivwissenschaft und Archivtheorie / Archivbereiche / Literatur- und Kunstarchive $x01 
245Z/01 $a4.12.02. $bArchivwesen Europas / Schweiz, Liechtenstein / Archive und Archivbestände $x02 
247C/01 $8->Marburg, Bibliographie zum Archivwesen der Archivschule Marburg $939588196X
LEADER 00000cam a2200000 c 4500
001 287056112
003 DE-603
005 20250305113016.0
007 tu
008 120111s2011 xx |||| | u00||u|ger
015 |a 12,A03  |2 dnb 
016 7 |2 DE-101  |a 1018435727 
020 |a 9782051022934 
020 |a 2051022933 
035 |a (DE-599)BSZ355534754 
035 |a (OCoLC)773365311 
040 |a DE-603  |b ger  |c DE-603  |d DE-603 
041 |a ger  |a fre  |a ita 
084 |a 020  |q DE-101  |2 sdnb 
245 0 0 |a Literaturarchive  |b = Archives littéraires  |c [verantw. für diese Nr.: Irmgard Wirtz ...] 
264 1 |a Genève  |b Slatkine  |c 2011 
300 |a 188 Seiten  |b Illustrationen 
336 |a Text  |b txt  |2 rdacontent 
337 |a ohne Hilfsmittel zu benutzen  |b n  |2 rdamedia 
338 |a Band  |b nc  |2 rdacarrier 
490 1 |a Quarto  |v 33/34 
546 |a Beiträge teilweise deutsch, teilweise französisch, teilweise italienisch 
610 1 7 |a Schweizerisches Literaturarchiv  |2 gnd  |0 (DE-588)5034750-0  |0 (DE-603)044505914 
648 7 |a Geschichte  |2 gnd 
650 7 |a Literaturarchiv  |0 (DE-588)4201789-0  |0 (DE-603)086021559  |2 gnd 
655 7 |a Aufsatzsammlung  |2 gnd-content  |0 (DE-588)4143413-4  |0 (DE-603)085562742 
700 1 |a Wirtz, Irmgard M.  |d 1960-  |0 (DE-603)194643166  |0 (DE-588)13386569X  |2 gnd 
830 0 |t Quarto  |v 33/34  |w (DE-603)263794709  |w (DE-600)915509-0  |9 233  |7 as 
924 0 |9 30  |a (DE-603)1019707356  |b DE-30  |c HES  |d c  |g Zs 21289 Bd. 33/34 
924 0 |9 Mb 106  |a (DE-603)722419740  |b DE-Mb106  |c HES  |d c  |g AB 100.30 
924 0 |9 603  |a (DE-603)636433978  |b DE-603  |c HES  |d d 
924 0 |9 -  |a (DE-603)1042416419  |b DE-  |c HES  |d d  |g /